Logo BPK

Bibliografia Prac Pracowników

Politechniki Koszalińskiej

Projektzusammenarbeit in einem vereinten Europa : (Rekord nr 10203)

Szczegóły MARC
000 -ETYKIETA REKORDU
podpole kontrolne o stałej długości 01266nam a2200301 i 4500
001 - NUMER KONTROLNY REKORDU
podpole kontrolne 10203
003 - IDENTYFIKATOR NUMERU KONTROLNEGO REKORDU
podpole kontrolne KOSZ 005
005 - DATA OSTATNIEJ MODYFIKACJI REKORDU
podpole kontrolne 20180430113733.0
008 - POLE O STAŁEJ DŁUGOŚCI - DANE KONTROLNE
podpole kontrolne o stałej długości 180417s2002 pl a |100 0 ger
015 ## - NUMER BIBLIOGRAFII NARODOWEJ
Numer bibliografii narodowej PB 2010/2520
020 ## - MIĘDZYNARODOWY ZNORMALIZOWANY NUMER KSIĄŻKI - ISBN
ISBN 8388283855
040 ## - ŹRÓDŁO KATALOGOWANIA
Instytucja, która sporządziła opis WA N
Instytucja, która utworzyła rekord WA N
Instytucja, która dokonała modyfikacji KOSZ 005/HR
041 0# - KOD JĘZYKA
Kod języka tekstu ger
Kod języka streszczenia lub abstraktu pol
080 ## - UNIWERSALNA KLASYFIKACJA DZIESIĘTNA - UKD
UKD 332.1(438)
080 ## - UNIWERSALNA KLASYFIKACJA DZIESIĘTNA - UKD
UKD 339.7(4-67)
100 1# - NAZWA OSOBOWA
Nazwa osobowa JASIULEWICZ, Michał.
Instytucja Politechnika Koszalińska - Wydział Ekonomii i Zarządzania,
Wydział Katedra Polityki Społeczno-Gospodarczej i Ekonomiki Regionalnej
Lata pracy 1996 - .
245 10 - TYTUŁ/ODPOWIEDZIALNOŚĆ
Tytuł Projektzusammenarbeit in einem vereinten Europa :
Ciąg dalszy tytułu Beiträge zum Seminar /
Pozostałe elementy strefy tytułu i oznaczenia odpowiedzialności Hrsg. Michał Jasiulewicz, Bogusław Polak, Franz Stepanek.
260 ## - STREFA ADRESU WYDAWNICZEGO
Miejsce wydania Koszalin :
Nazwa wydawcy/dystrybutora Technische Universität Koszalin,
Data publikacji, dystrybucji/powstania dokumentu 2002.
504 ## - UWAGA DOTYCZACA BIBLIOGRAFII
Informacje o bibliografii Bibliogr. przy ref.
546 ## - UWAGA O JĘZYKU
Uwaga o języku Streszcz. pol. przy ref.
648 #0 - HASŁO PRZEDMIOTOWE - TERMIN CHRONOLOGICZNY
9 (RLIN) 6870
Termin chronologiczny 1989-2000.
648 #0 - HASŁO PRZEDMIOTOWE - TERMIN CHRONOLOGICZNY
9 (RLIN) 6828
Termin chronologiczny 2001-
650 #0 - HASŁO PRZEDMIOTOWE W FORMIE NAZWY OGÓLNEJ LUB JEDNOSTKOWEJ
Nazwa ogólna lub geograficzna Gospodarka terenowa
655 #0 - TERMIN INDEKSOWY - OKREŚLENIE RODZAJU/FORMY DOKUMENTU
Określnie rodzaju/formy dokumentu Materiały konferencyjne.
700 1# - HASŁO DODATKOWE - NAZWA OSOBOWA
Nazwa osobowa POLAK, Bogusław.
Lata pracy 1999 -2006.
Instytucja Politechnika Koszalińska - Wydział Ekonomii i Zarządzania,
Wydział Katedra Integracji Europejskiej
856 ## - LOKALIZACJA I DOSTĘP DO ELEKTRONICZNYCH DOKUMENTÓW ZDALNYCH
Link (URL) http://koha.tu.koszalin.pl/cgi-bin/koha/opac-detail.pl?biblionumber=40567
Tekst linku Katalog online BPK
942 ## - HASŁO DODATKOWE - ELEMENTY(KOHA)
Schemat klasyfikacji Uniwersalna klasyfikacja dziesiętna
Typ dokumentu Książka

Brak dostępnych egzemplarzy.

© 2014 Biblioteka Politechniki Koszalińskiej :: BIBLIOGRAFIA PRAC PRACOWNIKÓW